Barnet Trivia - Statistics

General Stats
  • This quiz has been taken 5 times
  • The average score is 7 of 15
Answer Stats
Question Answer % Correct
What is Barnet’s nickname? The {Bees}
100%
In 2012, which UEFA Champions League-winning midfielder joined Barnet as player-manager and went on to assign himself the #1 shirt? Edgar Davids
80%
What is the name of Barnet’s stadium? The Hive Stadium
80%
Who is the current manager of Barnet? Dean Brennan
60%
From 1907 until 2013, Barnet played at which ground? Underhill Stadium
60%
With which club West London club does Barnet have a fierce rivalry? Wealdstone
60%
In what year did Barnet, under the management of Barry Fry, gain promotion to the Football League for the first time? 1991
40%
What is the name of the Barnet owner, who, in 1994, became the youngest chairman in the Football League, aged 28? Anthony Kleanthous
40%
Who is Barnet's record sale, joining Crystal Palace for £800k in 1995? Dougie Freedman
40%
Which Barnet player was the league's top goalscorer as they won the 2004/05 Conference title? Giuliano Grazioli
40%
Which Englishman is Barnet’s record appearance-maker with 592? Les Eason
40%
Which Barnet manager has had four permanent spells (plus a caretaker stint) in charge of the club and guided them to the 2014/15 National League title? Martin Allen
40%
Who is the current captain of Barnet? Andy Yiadom
20%
Which Englishman is Barnet’s record goalscorer with 374? Arthur Morris
20%
Who is Barnet's record signing, arriving from Sutton United for £120k in 2010? Charlie Taylor
20%
No matching quizzes found
Score Distribution
Percent of People with Each Score
Percentile by Number Answered
Your Score History
You have not taken this quiz